Norwich City South American Players - Statistics

General Stats
  • This quiz has been taken 7 times
  • The average score is 6 of 9
Answer Stats
Answer % Correct
Emiliano Buendía
100%
Gabriel Sara
100%
Marcelino Núñez
100%
Marquinhos
80%
Vicente Reyes
80%
Luciano Becchio
40%
Carl Cort
20%
Jonás Gutiérrez
20%
Yanic Wildschut
20%
No matching quizzes found
Score Distribution
Percent of People with Each Score
Percentile by Number Answered
Your Score History
You have not taken this quiz